00255nam a2200097Ia 4500008004100000100002000041245005100061260002800112300000900140650000800149191201s2014 xx 000 0 und d aGUPTA, Shashi K 0aIntroduction to Financial Services BBA 6th Sem aN. DelhibKalyanic2014 aMisc aBBA